| 000 | 01041cam a22002891 4500 | ||
|---|---|---|---|
| 001 | 6605 | ||
| 003 | BD-RjUL | ||
| 005 | 20211208234258.0 | ||
| 008 | 110114s1967 gw b 000 0 ger | ||
| 035 | _a(BD-RjUL)6646 | ||
| 040 |
_aDLC/ICU _cICU _dDLC _dBD-RjUL _beng |
||
| 041 | _aeng | ||
| 082 | 0 | 0 |
_a517.355 _218 _bMAF 1967 |
| 100 | 1 |
_aMaak, Wilhelm, _d1912- _920774 |
|
| 245 | 1 | 0 |
_aFastperiodische Funktionen / _c[Von] W. Maak. |
| 250 | _a2. korrigierte Aufl. | ||
| 260 |
_aBerlin ; _aHeidelberg : _bSpringer-Verlag, _c1967. |
||
| 300 |
_aviii, 240 p. ; _c24 cm. |
||
| 490 | 1 |
_aDie Grundlehren der mathematischen Wissenschaften in Einzeldarstellungen, _vBd. 61 |
|
| 504 | _a"Anhang: Literaturhinweise" (bibliographical) p. [222]-235. | ||
| 650 | 0 |
_aAlmost periodic functions. _920775 |
|
| 830 | 0 |
_vBd. 61. _920779 |
|
| 830 | 0 |
_aGrundlehren der mathematischen Wissenschaften in Einzeldarstellungen mit besonderer Berücksichtigung der Anwendungsgebiete ; _920780 |
|
| 942 |
_2ddc _cBK |
||
| 999 |
_c6605 _d6605 |
||